| Поле | Название | Значение |
| |
Тип записи |
a |
| |
Библиографический уровень |
a |
| 001 |
Контрольный номер |
RU/CBS_UL/BASE/23658fc362f344128c0de87f2a48eb81 |
| 005 |
Дата корректировки |
20230313140922.3 |
| 100 |
Данные общей обработки |
__ |
| a |
Данные общей обработки |
20230313 ||| 0rusy0189 ca |
| 101 |
Язык документа |
0_ |
| a |
Язык текста |
rus |
| 102 |
Страна публикации |
__ |
| a |
Страна публикации |
RU |
| 200 |
Заглавие и сведения об ответственности |
1_ |
| a |
Заглавие |
Какой же была ты, Алиса, в глазах твоего приёмного отца?... |
| e |
Сведения, относящиеся к заглавию |
[о главной героине чудесной истории "Приключения Алисы в Стране чудес"] |
| f |
Первые сведения об ответственности |
И. Макарова |
| 300 |
Общие примечания |
__ |
| a |
Общие примечания |
6+ |
| 461 |
Уровень набора |
_0 |
| 1 |
|
2000 |
| a |
|
Костер |
| 463 |
Уровень физической единицы |
_0 |
| 1 |
|
2000 |
| a |
|
№ 2 |
| v |
|
С. 18-19 |
| 1 |
|
2101 |
| d |
|
2023 |
| 1 |
|
001RU/CBS_UL/BASE/3bc68193757c4a4c8d4346d4f692e020 |
| 600 |
Персоналии |
_1 |
| a |
Персоналии (Фамилия) |
Лидделл |
| b |
Персоналии (Имя, инициалы) |
А. |
| 606 |
Тематические рубрики |
0_ |
| a |
Основная рубрика |
Кэрролл, Льюис (1832 - 1898). "Алиса в стране чудес" - История создания |
| 610 |
Ключевые слова |
0_ |
| a |
Ключевые слова |
Алиса (литературные герои) |
| 610 |
Ключевые слова |
0_ |
| a |
Ключевые слова |
прототипы литературных персонажей |
| 610 |
Ключевые слова |
0_ |
| a |
Ключевые слова |
сказочные герои |
| 610 |
Ключевые слова |
0_ |
| a |
Ключевые слова |
математики |
| 610 |
Ключевые слова |
0_ |
| a |
Ключевые слова |
английские писатели |
| 686 |
Индексы других классификаций |
__ |
| a |
Классификационный индекс |
83.3 |
| 700 |
Автор |
_1 |
| a |
Фамилия |
Макарова |
| b |
Имя (инициалы) |
И. |
| 801 |
Источник записи |
_0 |
| a |
Страна |
RU |
| b |
Организация |
МБУК ЦБС г. Ульяновска |
| c |
Дата составления |
20230313 |
| g |
Правила каталогизации |
RCR |
| 801 |
Источник записи |
_1 |
| a |
Страна |
RU |
| b |
Организация |
МБУК ЦБС г. Ульяновска |
| c |
Дата составления |
20230313 |
| g |
Правила каталогизации |
RCR |
| 901 |
Тип документа |
__ |
| t |
Тип документа |
b |
| w |
Контрольный № источника |
RU/CBS_UL/BASE/3bc68193757c4a4c8d4346d4f692e020 |